NCAA Basketball 2011: St. John's University Quiz Stats

 Plays Quiz Updated Jul 25, 2017

Also try: NBA Teams
Challenge
Share
Tweet
Score 0/24 Timer 05:00
0 Plays Today
Hint Answers % Correct
ConferenceBig East
85.9%
NicknameRed Storm
85.3%
ColorsRed and White
83.5%
CityNew York City, New York
75.9%
Basketball ArenaMadison Square Garden
61.1%
All-time Leading Scorer (2,440 points)Chris Mullin
52.3%
Highest NBA Scoring AlumChris Mullin
52.3%
GuardDwight Hardy
41.2%
CoachSteve Lavin
36.9%
Guard/ForwardD.J Kennedy
35.3%
2nd Round OpponentGonzaga
26.7%
GuardMalik Boothe
23.9%
Hint Answers % Correct
ForwardJustin Burrell
23.5%
ForwardJustin Brownlee
21.8%
GuardParis Horne
17.6%
ForwardSean Evans
16.2%
ForwardDwayne Polee II
13.9%
Forward/CenterDele Coker
9.6%
GuardJamal White
8.2%
GuardKevin Clark
6.6%
ForwardRob Thomas
5.2%
GuardMalik Stithe
4.9%
GuardCameron Edison
3.6%
GuardQuincy Roberts
3.1%

You're not logged in!

Compare scores with friends on all Sporcle quizzes.
Join for Free
OR
Log In

Show Comments

Extras

Top Quizzes Today


Score Distribution

Your Account Isn't Verified!

In order to create a playlist on Sporcle, you need to verify the email address you used during registration. Go to your Sporcle Settings to finish the process.

Report this User

Report this user for behavior that violates our Community Guidelines.

Details: